000
00320nam a22001217a 4500
008
160426b xxu||||| |||| 00| 0 eng d
020
_a
9780135075944
020
_a
0135075947
041
_a
eng
080
_a
618.2
245
_a
Medical surgical nursing:
_c
Priscillla LeMone; Karen Burke;Gerene Bauldoff;
942
_2
udc
_c
BK
999
_c
1584
_d
1584